Central Library OPAC University of Rajshahi

International philosophical quarterly : (Record no. 31478)

MARC details
000 -LEADER
fixed length control field 02761cas a2200625 a 4500
001 - CONTROL NUMBER
control field 31478
003 - CONTROL NUMBER IDENTIFIER
rucl marc code BD-RjUL
005 - DATE AND TIME OF LATEST TRANSACTION
control field 20211209051715.0
008 - FIXED-LENGTH DATA ELEMENTS--GENERAL INFORMATION
fixed length control field 140418c19619999nyuqr p 0 a0eng
032 ## - POSTAL REGISTRATION NUMBER
Postal registration number 015190
Source agency assigning number USPS
035 ## - SYSTEM CONTROL NUMBER
System control number (OCoLC)ocm01876622
System control number (BD-RjUL)31566
040 ## - CATALOGING SOURCE
Original cataloging agency DLC
Language of cataloging eng
Transcribing agency MBTI
Modifying agency NSDP
-- DLC
-- NSDP
-- DLC
-- NSDP
-- OCoLC
-- DLC
-- OCoLC
-- DLC
-- NST
-- MBTI
-- DLC
-- NST
-- DLC
-- NSDP
-- OCoLC
-- NST
-- MH
-- NST
-- MH
-- PBL
-- DNLM
-- OCoLC
-- NLGGC
-- NIALS
-- OCoLC
-- DLC
-- UKMGB
-- InU
-- OCoLC
-- BD-RjUL
042 ## - AUTHENTICATION CODE
Authentication code nsdp
-- pcc
082 00 - DEWEY DECIMAL CLASSIFICATION NUMBER
Classification number 105
Edition number 19
Author mark and year IPQ
245 00 - TITLE STATEMENT
Title International philosophical quarterly :
Remainder of title IPQ.
246 30 - VARYING FORM OF TITLE
Title proper/short title IPQ
260 ## - PUBLICATION, DISTRIBUTION, ETC. (IMPRINT)
Place of publication, distribution, etc. New York :
Name of publisher, distributor, etc. Fordham University Press,
Date of publication, distribution, etc. 1961-
300 ## - PHYSICAL DESCRIPTION
Pagination volumes ;
Size 25 cm
500 ## - GENERAL NOTE
General note Title from cover.
General note Published by: Foundation for International Philosophical Exchange, <1978-1984>
515 ## - NUMBERING PECULIARITIES NOTE
Numbering peculiarities note Issues for <Mar. 1982-> called also <issue no. 85->
550 ## - ISSUING BODY NOTE
Issuing body note Edited by: Dept. of Philosophy, Fordham University, in collaboration with the professors of philosophy of Berchmans Philosophicum, (Heverlee-Louvain, Belgium), 1961-1976; a group of professors at Fordham University with the collaboration of the Facultés Universitaires Notre Dame de la Paix (Namur, Belgium), 1977-<1984>
650 #0 - SUBJECT ADDED ENTRY--TOPICAL TERM
Topical term or geographic name as entry element Philosophy
Form subdivision Periodicals.
9 (RLIN) 95789
Topical term or geographic name as entry element Filosofie.
Source of heading or term gtt
9 (RLIN) 712
710 2# - ADDED ENTRY--CORPORATE NAME
Corporate name or jurisdiction name as entry element Fordham University.
9 (RLIN) 95790
Corporate name or jurisdiction name as entry element Fordham University.
Subordinate unit Department of Philosophy.
9 (RLIN) 95791
Corporate name or jurisdiction name as entry element Berchmans Philosophicum.
9 (RLIN) 95792
Corporate name or jurisdiction name as entry element Facultés universitaires Notre-Dame de la Paix, Namur.
9 (RLIN) 95793
Corporate name or jurisdiction name as entry element Foundation for International Philosophical Exchange.
9 (RLIN) 95794
776 08 - ADDITIONAL PHYSICAL FORM ENTRY
Relationship information Online version:
Title International philosophical quarterly
International Standard Serial Number 2153-8077
Record control number (DLC) 2010200692
-- (OCoLC)44901839
Relationship information Online version:
Title International philosophical quarterly
Record control number (OCoLC)654690831
906 ## - LOCAL DATA ELEMENT F, LDF (RLIN)
a 7
b cbc
c serials
d 3
e ncip
f 19
g n-oclcserc
942 ## - ADDED ENTRY ELEMENTS (KOHA)
Source of classification or shelving scheme Dewey Decimal Classification
Koha item type Continuing Resources
Holdings
Lost status Source of classification or shelving scheme Damaged status Not for loan Permanent Location Current Location Shelving location Date acquired Total Checkouts Full call number Date last seen Copy number Koha item type
  Dewey Decimal Classification   Not For Loan Central Library, University of Rajshahi Central Library, University of Rajshahi   23/06/2001   P 105 IPQ V.39 N.2-4 1999 18/04/2014 C-1 Continuing Resources